<?xml version="1.0" encoding="UTF-8"?>
<record
    xmlns:xsi="http://www.w3.org/2001/XMLSchema-instance"
    xsi:schemaLocation="http://www.loc.gov/MARC21/slim http://www.loc.gov/standards/marcxml/schema/MARC21slim.xsd"
    xmlns="http://www.loc.gov/MARC21/slim">

  <leader>00640cas1a220019300 4500</leader>
  <controlfield tag="001">zam00005815</controlfield>
  <controlfield tag="008">951212n        xx                  eng u</controlfield>
  <datafield tag="022" ind1=" " ind2=" ">
    <subfield code="a">0008-1221</subfield>
  </datafield>
  <datafield tag="035" ind1=" " ind2=" ">
    <subfield code="a">(Sirsi) r22990</subfield>
  </datafield>
  <datafield tag="035" ind1=" " ind2=" ">
    <subfield code="a">(MACHINE)00833</subfield>
  </datafield>
  <datafield tag="245" ind1="0" ind2="0">
    <subfield code="a">California law review.</subfield>
  </datafield>
  <datafield tag="260" ind1=" " ind2=" ">
    <subfield code="a">Berkerly :</subfield>
    <subfield code="b">University of Carlifornia.</subfield>
  </datafield>
  <datafield tag="310" ind1=" " ind2=" ">
    <subfield code="a">6 Times a Year</subfield>
  </datafield>
  <datafield tag="362" ind1=" " ind2=" ">
    <subfield code="a">Vol. 46, No. 1, 1958 - Vol. 81, No. 1, 1993</subfield>
  </datafield>
  <datafield tag="520" ind1=" " ind2=" ">
    <subfield code="a">This is a journal that publishes articles that review cases and scenarios in the legal practice in Californai</subfield>
  </datafield>
  <datafield tag="650" ind1=" " ind2=" ">
    <subfield code="a">Law.</subfield>
    <subfield code="6">S3984.1</subfield>
  </datafield>
  <datafield tag="949" ind1=" " ind2=" ">
    <subfield code="a">K1</subfield>
    <subfield code="w">lcc</subfield>
    <subfield code="i">-22281</subfield>
    <subfield code="m">MAIN</subfield>
    <subfield code="p">000</subfield>
    <subfield code="t">BOOK</subfield>
    <subfield code="l">ON-SHELF</subfield>
  </datafield>
  <controlfield tag="004">22990</controlfield>
  <datafield tag="999" ind1=" " ind2=" ">
    <subfield code="c">181306</subfield>
    <subfield code="d">181306</subfield>
  </datafield>
</record>
